Mestský hotel

Na minha lista:
Detalhes bibliográficos
Autor principal: Juhász, Tomáš (Author)
Outros Autores: Bielek, Boris (Thesis advisor)
Formato: Manuscrito Livro
Idioma:eslovaco
Publicado em: 2023
Assuntos:
Acesso em linha:http://is.stuba.sk/zp/portal_zp.pl?podrobnosti=169462
https://opac.crzp.sk/?fn=detailBiblioForm&sid=C0DEB8E07572332BAC230F15805F
Tags: Adicionar Tag
Sem tags, seja o primeiro a adicionar uma tag!

MARC

LEADER 00000ntm a22000003a 4500
001 stuzp93560
003 SK-STU
005 20230918155024.0
007 ta
008 150427s2015----xo-----f-mn---000-0-slo-d
040 |a STU  |b slo 
041 0 |a slo 
100 1 |a Juhász, Tomáš  |u 010180  |4 aut  |U SvF Stavebná fakulta  |T SvF Katedra konštrukcií pozemných stavieb  |X 87456  |U V180  |Y 18  |7 87456 
242 0 1 |a City hotel  |y eng 
245 1 0 |a Mestský hotel 
260 |c 2023 
650 4 |a hotel  |2 slo 
650 4 |a odvetraná fasáda  |2 slo 
650 4 |a pochôdzna strecha  |2 slo 
650 4 |a hotel  |2 eng 
650 4 |a ventilated facade  |2 eng 
650 4 |a walkable roof  |2 eng 
700 1 |a Bielek, Boris  |u 010180  |k Z1  |4 ths  |U SvF Stavebná fakulta  |T SvF Katedra konštrukcií pozemných stavieb  |X 4303  |U V180  |Y 18  |7 A000004303 
856 4 |u http://is.stuba.sk/zp/portal_zp.pl?podrobnosti=169462 
856 4 |u https://opac.crzp.sk/?fn=detailBiblioForm&sid=C0DEB8E07572332BAC230F15805F